| 000 | 00722cam a2200217 a 4500 | ||
|---|---|---|---|
| 999 |
_c7801 _d7801 |
||
| 003 | OSt | ||
| 005 | 20200521135130.0 | ||
| 008 | 020910s2002 it ab b 000 0 eng d | ||
| 020 | _a9781904313038 | ||
| 042 | _alccopycat | ||
| 082 | _a720.92 PER | ||
| 100 | 1 | _aPerrault, Dominique. | |
| 245 | 1 | 0 |
_aDominique Perrault : _bprojects and architecture / _cwith an essay by Laurent Stalder ; [translation, Christopher Evans]. |
| 260 |
_aMilano : _bElecta, _cc2002. |
||
| 300 |
_a179 p. : _bill. (some col.), maps ; _c28 cm. |
||
| 504 | _aIncludes bibliographical references (p. 178). | ||
| 600 | 1 | 0 | _aPerrault, Dominique. |
| 650 | 0 |
_aArchitecture _zEurope _xHistory _y20th century. |
|
| 700 | 1 | _aStalder, Laurent. | |
| 942 | _2ddc | ||